¿Qué significa dolarizar? (Registro nro. 21606)

Detalles MARC
000 -LEADER
fixed length control field 00365 a2200121 4500
001 - CONTROL NUMBER
control field ART_60223
005 - DATE AND TIME OF LATEST TRANSACTION
control field 20260410161813.0
008 - FIXED-LENGTH DATA ELEMENTS--GENERAL INFORMATION
fixed length control field 260409a
100 1# - MAIN ENTRY--PERSONAL NAME
Personal name Barreira Delfino, Eduardo A.
245 10 - TITLE STATEMENT
Title ¿Qué significa dolarizar?
700 1# - ADDED ENTRY--PERSONAL NAME
Personal name Camerini, Marcelo A.
773 0# - HOST ITEM ENTRY
Title Doctrina Societaria y Concursal
Related parts - N° 434 (ene. 2024)
Record control number REV4298

No hay ítems disponibles.